[Event "17e open 1hKO"]
[Site "Montigny le Bretonneux"]
[Date "2013.05.20"]
[Round "7.16"]
[White "De Romance, Flavien"]
[Black "Mutzel, Joseph"]
[Result "1-0"]
[WhiteElo "1310"]
[BlackElo "1320"]
[PlyCount "53"]
[EventDate "2013.04.??"]
[EventType "swiss"]
[EventRounds "7"]
[EventCountry "FRA"]
[SourceDate "2005.09.12"]

{Partie du pion dame} 1. d4 Nf6 2. Nf3 g6 3. g3 Bg7 4. Bg2 d5 5. Nc3 c6 6. O-O
Nbd7 7. Bg5 Nb6 8. Re1 Bf5 9. h3 Ne4 10. g4 Nxc3 11. bxc3 Be4 12. Nd2 Bxg2 13.
Kxg2 f6 14. Bh4 O-O 15. e4 e5 16. f3 Bh6 17. dxe5 g5 18. Bg3 dxe4 19. Nxe4 Qxd1
20. Raxd1 fxe5 21. Bxe5 Nd5 22. c4 Nf4+ 23. Kg3 Bg7 24. Bxg7 Kxg7 25. Nxg5 Kg6
26. Rd6+ Kxg5 27. h4# 1-0

[Event "17e open 1hKO"]
[Site "Montigny le Bretonneux"]
[Date "2013.05.20"]
[Round "7.2"]
[White "Duval, Dominique"]
[Black "Claisse, Patrick"]
[Result "1/2-1/2"]
[WhiteElo "1780"]
[BlackElo "1836"]
[PlyCount "78"]
[EventDate "2013.04.??"]
[EventType "swiss"]
[EventRounds "7"]
[EventCountry "FRA"]
[SourceDate "2005.09.12"]

{Ouverture du pion dame, défense est-indienne} 1. d4 Nf6 2. Nf3 g6 3. e3 Bg7 4.
Bd3 c5 5. b3 Nc6 6. Bb2 O-O 7. Nbd2 cxd4 8. exd4 b6 9. O-O Bb7 10. a3 Rc8 11.
Re1 e6 12. Rc1 Qc7 13. c4 d5 14. c5 Nd7 15. b4 bxc5 16. bxc5 e5 17. dxe5 Ndxe5
18. Bxe5 Nxe5 19. Nxe5 Bxe5 20. Nf3 Bg7 21. c6 Bxc6 22. Ba6 Rcd8 23. Nd4 Bxd4
24. Qxd4 Rfe8 25. Rxe8+ Rxe8 26. Qc5 Re6 27. Bb5 Qe5 28. f4 Qxf4 29. Bxc6 d4
30. Bf3 Qe3+ 31. Kf1 Rb6 32. Re1 Qd3+ 33. Kg1 Rb1 34. Rxb1 Qxb1+ 35. Kf2 Qb2+
36. Kg3 Qd2 37. Qe5 h5 38. h4 a5 39. Qe8+ Kg7 1/2-1/2

[Event "17e open 1hKO"]
[Site "Montigny le Bretonneux"]
[Date "2013.05.20"]
[Round "8.1"]
[White "Mongey, Alain"]
[Black "Etrog, Jonathan"]
[Result "0-1"]
[WhiteElo "1667"]
[BlackElo "2210"]
[PlyCount "52"]
[EventDate "2013.04.??"]
[EventType "swiss"]
[EventRounds "7"]
[EventCountry "FRA"]
[SourceDate "2005.09.12"]

{Défense vieille Benoni} 1. d4 c5 2. Nf3 cxd4 3. Nxd4 d5 4. c3 e5 5. Nf3 Nc6 6.
Bg5 f6 7. Bh4 Be6 8. e3 Nge7 9. Be2 Nf5 10. g4 Nxh4 11. Nxh4 Qd7 12. Nd2 Bc5
13. h3 O-O-O 14. b4 Bb6 15. a4 d4 16. cxd4 exd4 17. b5 Na5 18. e4 d3 19. Rc1+
Kb8 20. Bf3 Qd4 21. O-O Qd6 22. Re1 Qg3+ 23. Ng2 Bxf2+ 24. Kf1 Bxe1 25. Qxe1
Qxh3 26. Kf2 Bxg4 0-1

[Event "17e open 1hKO"]
[Site "Montigny le Bretonneux"]
[Date "2013.05.20"]
[Round "8.2"]
[White "Claisse, Patrick"]
[Black "Ferreira, Carlos"]
[Result "1-0"]
[WhiteElo "1836"]
[BlackElo "1813"]
[PlyCount "47"]
[EventDate "2013.04.??"]
[EventType "swiss"]
[EventRounds "7"]
[EventCountry "FRA"]
[SourceDate "2005.09.12"]

{Défense sicilienne, variante Taïmanov} 1. e4 c5 2. Nf3 e6 3. d4 cxd4 4. Nxd4
Nc6 5. Be3 Qc7 6. Nc3 a6 7. Be2 Bb4 8. Qd2 Nf6 9. f3 b5 10. a3 Bd6 11. Ndxb5
axb5 12. Nxb5 Bg3+ 13. hxg3 Qxg3+ 14. Bf2 Qb8 15. Qd6 Qxd6 16. Nxd6+ Ke7 17.
Nxc8+ Rhxc8 18. O-O-O h6 19. Bh4 g5 20. Bg3 Ng8 21. Bd6+ Kf6 22. Rd3 e5 23.
Rhd1 Nd4 24. Bxe5+ 1-0

[Event "17e open 1hKO"]
[Site "Montigny le Bretonneux"]
[Date "2013.05.20"]
[Round "8.3"]
[White "Goulenok, Eric"]
[Black "Duval, Sylvain"]
[Result "0-1"]
[WhiteElo "2187"]
[BlackElo "1972"]
[PlyCount "76"]
[EventDate "2013.04.??"]
[EventType "swiss"]
[EventRounds "7"]
[EventCountry "FRA"]
[SourceDate "2005.09.12"]

{Début Reti} 1. Nf3 d5 2. g3 Nf6 3. Bg2 c5 4. O-O g6 5. d3 Bg7 6. Nc3 O-O 7. a3
Nc6 8. Rb1 a5 9. Na4 b6 10. c4 dxc4 11. dxc4 Bf5 12. Qxd8 Raxd8 13. Ra1 Bc2 14.
Nxb6 Rb8 15. Nd5 Nxd5 16. cxd5 Nd4 17. Nxd4 Bxd4 18. e3 Bxb2 19. Ra2 Bxc1 20.
Rxc1 Bb3 21. Rd2 c4 22. f4 Rfc8 23. Rc3 Ba4 24. Kf2 Rb3 25. Rdc2 Rxa3 26. Rxa3
Bxc2 27. Rxa5 Bd3 28. Ra1 Rb8 29. Bf1 Rb2+ 30. Kf3 Bxf1 31. Rxf1 Rxh2 32. Rc1
Rd2 33. Ke4 Rg2 34. Rxc4 Rxg3 35. Rc7 Kf8 36. Rc8+ Kg7 37. Kd4 h5 38. e4 h4 {
suite non notée} 0-1

[Event "17e open 1hKO"]
[Site "Montigny le Bretonneux"]
[Date "2013.05.20"]
[Round "8.4"]
[White "Bouvier, Clement"]
[Black "Duval, Dominique"]
[Result "1-0"]
[WhiteElo "1895"]
[BlackElo "1780"]
[PlyCount "74"]
[EventDate "2013.04.??"]
[EventType "swiss"]
[EventRounds "7"]
[EventCountry "FRA"]
[SourceDate "2005.09.12"]

{Défense sicilienne, Gambit Morra} 1. e4 c5 2. d4 cxd4 3. c3 dxc3 4. Nxc3 e6 5.
Bc4 Nc6 6. Nf3 Bb4 7. O-O Bxc3 8. bxc3 Qa5 9. Qe2 Nge7 10. Nd4 O-O 11. Bf4 d5
12. exd5 Nxd5 13. Nxc6 bxc6 14. Bd2 Qc7 15. Bb3 a5 16. c4 Ba6 17. Qf3 a4 18.
Bc2 Bxc4 19. Qe4 Nf6 20. Qxc4 Rfd8 21. Bc3 Nd5 22. Rad1 a3 23. Ba1 Rdb8 24. Qg4
g6 25. Qd4 f6 26. Bb3 Rb4 27. Qd2 Rh4 28. g3 Rh5 29. Qc2 Kf7 30. Bxd5 exd5 31.
Rc1 Rc8 32. Rfe1 Qd7 33. Qc3 Rf5 34. Qxa3 h5 35. Re2 Re8 36. Rce1 Qb7 37. Qb3
Qa6 1-0

[Event "17e open 1hKO"]
[Site "Montigny le Bretonneux"]
[Date "2013.05.20"]
[Round "8.5"]
[White "Forissier, Nicolas"]
[Black "Gauthier, Arnaud"]
[Result "1/2-1/2"]
[WhiteElo "1966"]
[BlackElo "1853"]
[PlyCount "44"]
[EventDate "2013.04.??"]
[EventType "swiss"]
[EventRounds "7"]
[EventCountry "FRA"]
[SourceDate "2005.09.12"]

{Défense est-indienne, variante du fianchetto} 1. d4 Nf6 2. c4 d6 3. Nc3 Nbd7
4. g3 g6 5. Bg2 Bg7 6. Nf3 O-O 7. O-O c6 8. b4 e5 9. Bb2 Re8 10. e4 exd4 11.
Nxd4 Ne5 12. Qe2 Qb6 13. Nf3 Qxb4 14. Nxe5 dxe5 15. Rab1 b6 16. a3 Qa5 17. Nd1
Be6 18. Ne3 Rad8 19. Rfd1 Qc5 20. a4 Bh6 21. Bc1 Bxe3 22. Bxe3 Qxc4 1/2-1/2

[Event "17e open 1hKO"]
[Site "Montigny le Bretonneux"]
[Date "2013.05.20"]
[Round "8.6"]
[White "Mundell, Peter"]
[Black "Olichon, Gaetan"]
[Result "1-0"]
[WhiteElo "1927"]
[BlackElo "1630"]
[PlyCount "61"]
[EventDate "2013.04.??"]
[EventType "swiss"]
[EventRounds "7"]
[EventCountry "FRA"]
[SourceDate "2005.09.12"]

{Partie du pion dame} 1. d4 Nf6 2. Nf3 d5 3. Bf4 Bf5 4. Nbd2 e6 5. e3 Bd6 6.
Ne5 O-O 7. h3 Bxe5 8. dxe5 Ne4 9. Be2 Nd7 10. Nf3 f6 11. exf6 Qxf6 12. c3 c6
13. Qd4 Qxd4 14. cxd4 Rac8 15. O-O h6 16. Rac1 g5 17. Bh2 Bg6 18. Ne5 Nxe5 19.
Bxe5 c5 20. dxc5 Nxc5 21. Bd6 Bd3 22. Bxf8 Bxe2 23. Rfe1 Rxf8 24. Rxc5 Ba6 25.
Rec1 Rf7 26. Rc8+ Kg7 27. R8c7 Kf6 28. Rxf7+ Kxf7 29. Rc7+ Kf6 30. b4 Kg6 31.
a4 1-0

[Event "17e open 1hKO"]
[Site "Montigny le Bretonneux"]
[Date "2013.05.20"]
[Round "8.7"]
[White "Hurlot, Rodolphe"]
[Black "Francois, Jean"]
[Result "1/2-1/2"]
[WhiteElo "1754"]
[BlackElo "1823"]
[PlyCount "53"]
[EventDate "2013.04.??"]
[EventType "swiss"]
[EventRounds "7"]
[EventCountry "FRA"]
[SourceDate "2005.09.12"]

{Partie du centre} 1. e4 e5 2. d4 exd4 3. c3 dxc3 4. Bc4 Qf6 5. Nxc3 Bc5 6. Nf3
h6 7. Nd5 Qc6 8. Ne5 Qd6 9. Nxf7 Kxf7 10. Qf3+ Ke8 11. Nxc7+ Qxc7 12. Qf7+ Kd8
13. O-O Qe5 14. Rd1 Qf6 15. Qd5 Qxf2+ 16. Kh1 Ne7 17. Qe5 Rf8 18. Bd2 Nbc6 19.
Qh5 Ng8 20. Rf1 Qxd2 21. Qxc5 Rxf1+ 22. Rxf1 Nge7 23. h3 Qxb2 24. Qd6 Ke8 25.
Bf7+ Kf8 26. Bb3+ Ke8 27. Bf7+ 1/2-1/2

[Event "17e open 1hKO"]
[Site "Montigny le Bretonneux"]
[Date "2013.05.20"]
[Round "8.8"]
[White "Mutzel, Annabelle"]
[Black "Artieres, Michel"]
[Result "0-1"]
[WhiteElo "1406"]
[BlackElo "1700"]
[PlyCount "76"]
[EventDate "2013.04.??"]
[EventType "swiss"]
[EventRounds "7"]
[EventCountry "FRA"]
[SourceDate "2005.09.12"]

{Défense scandinave} 1. e4 d5 2. exd5 Nf6 3. d4 Nxd5 4. Nf3 g6 5. b3 Bg7 6. Bb2
O-O 7. c4 Nb6 8. Be2 c5 9. O-O Nc6 10. Ne5 Nxd4 11. f4 Bf5 12. Na3 Nxe2+ 13.
Qxe2 Bxe5 14. Bxe5 Bd3 15. Qe3 Bxf1 16. f5 f6 17. Bc3 Qd3 18. Qh6 g5 19. Rxf1
Qxc3 20. Nb5 Qe3+ 21. Kh1 Qe2 22. Kg1 Rad8 23. h3 Rd1 24. Rxd1 Qxd1+ 25. Kh2 a6
26. Nc7 Qd6+ 27. Kg1 Qxc7 28. h4 Qg3 29. hxg5 Qxg5 30. Qh3 Rd8 31. Qf3 Nd7 32.
Qxb7 Qxf5 33. Qxa6 Ne5 34. Qb6 Rd1+ 35. Kh2 Qh5+ 36. Kg3 Qg4+ 37. Kf2 Rd2+ 38.
Ke3 Qd4# 0-1

[Event "17e open 1hKO"]
[Site "Montigny le Bretonneux"]
[Date "2013.05.20"]
[Round "8.9"]
[White "Fosse, Jean-Claude"]
[Black "Mourgues, Joelle"]
[Result "0-1"]
[WhiteElo "1443"]
[BlackElo "1737"]
[PlyCount "67"]
[EventDate "2013.04.??"]
[EventType "swiss"]
[EventRounds "7"]
[EventCountry "FRA"]
[SourceDate "2005.09.12"]

1. e4 c5 2. Nc3 e6 3. Nf3 d6 4. d4 cxd4 5. Nxd4 a6 6. Bd3 Be7 7. O-O Bf6 8. Be3
Ne7 9. f4 Nbc6 10. Nce2 O-O 11. c3 Bd7 12. f5 Ne5 13. fxe6 fxe6 14. Nf4 Qc8 15.
Bc2 Nc4 16. Bc1 e5 17. Nde6 Bxe6 18. Nxe6 Qxe6 19. Bb3 b5 20. a4 Kh8 21. axb5
axb5 22. Bxc4 bxc4 23. Be3 Rab8 24. Ra2 Rb7 25. Qe2 d5 26. Bc5 Rd8 27. Rfa1 d4
28. Ra8 Nc8 29. R1a6 Qf7 30. cxd4 exd4 31. e5 d3 32. Qd2 Bxe5 33. Rc6 Rxb2 34.
Qxb2 {suite illisible} 0-1

[Event "17e open 1hKO"]
[Site "Montigny le Bretonneux"]
[Date "2013.05.20"]
[Round "8.10"]
[White "Branson, James"]
[Black "Soleranski, Vincent"]
[Result "1-0"]
[WhiteElo "1722"]
[BlackElo "1478"]
[PlyCount "79"]
[EventDate "2013.04.??"]
[EventType "swiss"]
[EventRounds "7"]
[EventCountry "FRA"]
[SourceDate "2005.09.12"]

{Défense française, variante d'avance} 1. e4 e6 2. d4 d5 3. e5 b6 4. Bb5+ Bd7
5. Bd3 c5 6. c3 c4 7. Bc2 b5 8. a3 f6 9. Qh5+ Ke7 10. f4 Qe8 11. Qh4 Kd8 12.
Nh3 Be7 13. Qg3 g6 14. O-O f5 15. b3 Nc6 16. a4 Na5 17. Nd2 Nxb3 18. Nxb3 cxb3
19. Bxb3 bxa4 20. Ba2 Rb8 21. c4 dxc4 22. Bxc4 Rb4 23. Qc3 Rxc4 24. Qxc4 Bb5
25. Qc3 Bxf1 26. Qa5+ Kc8 27. Kxf1 Qc6 28. Bd2 Qc4+ 29. Ke1 Qxd4 30. Rc1+ Kb7
31. Qc7+ Ka6 32. Rc6+ Kb5 33. Qb7+ Qb6 34. Rxb6+ axb6 35. Be3 Bc5 36. Bxc5 Kxc5
37. Qa7 Kb5 38. Ng5 Nh6 39. Nxe6 Rc8 40. Nd4+ 1-0

[Event "17e open 1hKO"]
[Site "Montigny le Bretonneux"]
[Date "2013.05.20"]
[Round "8.11"]
[White "Montay, Jean Paul"]
[Black "Chambourdon, Alain"]
[Result "0-1"]
[WhiteElo "1369"]
[BlackElo "1560"]
[PlyCount "47"]
[EventDate "2013.04.??"]
[EventType "swiss"]
[EventRounds "7"]
[EventCountry "FRA"]
[SourceDate "2005.09.12"]

{Défense Caro-Kann, variante principale} 1. e4 c6 2. d4 d5 3. Nc3 dxe4 4. Nxe4
Bf5 5. Ng3 Bg6 6. Nf3 e6 7. Bc4 Nd7 8. O-O Be7 9. Re1 Ngf6 10. b3 O-O 11. Bb2
Qc7 12. Ne5 Nxe5 13. Rxe5 Nd5 14. Bd3 Bf6 15. Re1 Nf4 16. Ne4 Be7 17. g3 Nxd3
18. Qxd3 Rad8 19. Qc4 b5 20. Qc3 Rd5 21. Qe3 c5 22. Qd2 c4 23. bxc4 bxc4 24.
Rad1 {suite illisible} 0-1

[Event "17e open 1hKO"]
[Site "Montigny le Bretonneux"]
[Date "2013.05.20"]
[Round "8.12"]
[White "Darpoux, Danielle"]
[Black "Hedjazian, Farhad"]
[Result "0-1"]
[WhiteElo "1386"]
[BlackElo "1653"]
[PlyCount "76"]
[EventDate "2013.04.??"]
[EventType "swiss"]
[EventRounds "7"]
[EventCountry "FRA"]
[SourceDate "2005.09.12"]

{Défense sicilienne} 1. e4 c5 2. Nf3 d6 3. Nc3 Nf6 4. h3 Nc6 5. Bb5 Bd7 6. Bc4
g6 7. O-O Bg7 8. Re1 O-O 9. d4 cxd4 10. Nb5 a6 11. Nbxd4 b5 12. Bb3 Rc8 13. c3
Na5 14. Bc2 Qc7 15. e5 dxe5 16. Nxe5 Nc4 17. Nef3 Rfe8 18. Rb1 e5 19. Ne2 e4
20. Nfd4 e3 21. f3 Nh5 22. b3 Nb6 23. Qd3 Nd5 24. Nxb5 Bxb5 25. Qxd5 Bxe2 26.
Qg5 Re5 27. Qg4 Bb5 28. Bxe3 Qxc3 29. Bd4 Rxe1+ 30. Kh2 Be5+ 31. Bxe5 Qxe5+ 32.
f4 Qxf4+ 33. Qxf4 Nxf4 34. Rxe1 Rxc2 35. Rg1 Bc6 36. Kh1 Bxg2+ 37. Kh2 Bc6+ 38.
Kg3 Ne2+ 0-1

[Event "17e open 1hKO"]
[Site "Montigny le Bretonneux"]
[Date "2013.05.20"]
[Round "8.13"]
[White "Geffrotin, Daniel"]
[Black "Stonner, Martin"]
[Result "1-0"]
[WhiteElo "1600"]
[BlackElo "1440"]
[PlyCount "85"]
[EventDate "2013.04.??"]
[EventType "swiss"]
[EventRounds "7"]
[EventCountry "FRA"]
[SourceDate "2005.09.12"]

{Partie du pion dame} 1. d4 d5 2. Nf3 g6 3. Nc3 c6 4. Bf4 Bg7 5. e3 Bf5 6. Be2
Nf6 7. Ne5 Nbd7 8. h4 Ne4 9. Nxe4 Bxe4 10. f3 Bf5 11. g4 Be6 12. h5 Nxe5 13.
Bxe5 Bxe5 14. dxe5 g5 15. Qd2 Qd7 16. O-O-O f5 17. exf6 exf6 18. Qa5 b6 19. Qc3
O-O 20. e4 Qc8 21. Kb1 Kg7 22. e5 c5 23. exf6+ Rxf6 24. h6+ Kf7 25. Qe5 Qd8 26.
Qxg5 Rg6 27. Qh5 c4 28. Bxc4 Qg5 29. Qxg5 Rxg5 30. Bd3 Kg8 31. Rde1 Re8 32. Bf5
Bf7 33. Rxe8+ Bxe8 34. Re1 Bc6 35. Re7 d4 36. f4 Kf8 37. Rxh7 Rg8 38. Rxa7 Be4
39. Bxe4 Rxg4 40. a3 Rxf4 41. Bd3 Kg8 42. h7+ Kh8 43. Ra8+ 1-0

[Event "17e open 1hKO"]
[Site "Montigny le Bretonneux"]
[Date "2013.05.20"]
[Round "8.15"]
[White "Sagon, Lancelot"]
[Black "De Romance, Flavien"]
[Result "1/2-1/2"]
[WhiteElo "1310"]
[BlackElo "1310"]
[PlyCount "75"]
[EventDate "2013.04.??"]
[EventType "swiss"]
[EventRounds "7"]
[EventCountry "FRA"]
[SourceDate "2005.09.12"]

{Partie italienne} 1. e4 e5 2. Nf3 Nc6 3. Nc3 Nf6 4. Bc4 Bc5 5. O-O d6 6. d3
O-O 7. Re1 Bg4 8. Bg5 a6 9. a3 b5 10. Bb3 Nd4 11. Nd5 c6 12. Nxf6+ gxf6 13. Be3
Nxf3+ 14. gxf3 Bh3 15. d4 Ba7 16. f4 a5 17. Qh5 Qd7 18. f5 exd4 19. Bh6 Rfe8
20. Qxh3 Kh8 21. Rad1 d5 22. Qf3 a4 23. Bxd5 cxd5 24. exd5 Rg8+ 25. Kh1 Rad8
26. Rg1 Bb8 27. Rxd4 Qd6 28. Bf4 Qd7 29. Bxb8 Rxb8 30. Rdd1 b4 31. Rxg8+ Rxg8
32. axb4 Qb7 33. c3 Qd7 34. Qe4 Rg5 35. d6 Rxf5 36. f3 Re5 37. Qf4 Re6 38. c4
1/2-1/2

[Event "17e open 1hKO"]
[Site "Montigny le Bretonneux"]
[Date "2013.05.20"]
[Round "9.1"]
[White "Etrog, Jonathan"]
[Black "Duval, Sylvain"]
[Result "1-0"]
[WhiteElo "2210"]
[BlackElo "1972"]
[PlyCount "80"]
[EventDate "2013.04.??"]
[EventType "swiss"]
[EventRounds "7"]
[EventCountry "FRA"]
[SourceDate "2005.09.12"]

1. c4 e5 2. g3 Nf6 3. Bg2 d5 4. cxd5 Nxd5 5. Nf3 Nc6 6. O-O Be7 7. d4 exd4 8.
Nxd4 Nxd4 9. Qxd4 Nf6 10. Qa4+ c6 11. Nc3 O-O 12. Rd1 Qb6 13. h3 Be6 14. Qc2
Rad8 15. Be3 Qc7 16. Bxa7 b6 17. Nb5 Qb7 18. Qxc6 Qa6 19. Qc7 Qxb5 20. Qxe7 Nd5
21. Bxd5 Bxd5 22. e4 Rde8 23. Qg5 Ra8 24. Qxd5 Qxd5 25. exd5 Rxa7 26. a3 Rd8
27. Rac1 Kf8 28. Rc6 Rb7 29. Kg2 b5 30. Rd4 Ke7 31. d6+ Kd7 32. Rc7+ Rxc7 33.
dxc7+ Kxc7 34. Rxd8 Kxd8 35. Kf3 Kd7 36. Ke4 Kc6 37. b3 Kd6 38. Kd4 Ke6 39. a4
bxa4 40. bxa4 h6 {suite illisible} 1-0

[Event "17e open 1hKO"]
[Site "Montigny le Bretonneux"]
[Date "2013.05.20"]
[Round "9.2"]
[White "Claisse, Patrick"]
[Black "Bouvier, Clement"]
[Result "1/2-1/2"]
[WhiteElo "1836"]
[BlackElo "1895"]
[PlyCount "22"]
[EventDate "2013.04.??"]
[EventType "swiss"]
[EventRounds "7"]
[EventCountry "FRA"]
[SourceDate "2005.09.12"]

{Défense Caro-Kann, variante principale} 1. e4 c6 2. d4 d5 3. Nc3 dxe4 4. Nxe4
Bf5 5. Ng3 Bg6 6. Nf3 Nd7 7. h4 h6 8. h5 Bh7 9. Bd3 Bxd3 10. Qxd3 e6 11. Bd2
Ngf6 1/2-1/2

[Event "17e open 1hKO"]
[Site "Montigny le Bretonneux"]
[Date "2013.05.20"]
[Round "9.3"]
[White "Gauthier, Arnaud"]
[Black "Mundell, Peter"]
[Result "1/2-1/2"]
[WhiteElo "1853"]
[BlackElo "1927"]
[PlyCount "33"]
[EventDate "2013.04.??"]
[EventType "swiss"]
[EventRounds "7"]
[EventCountry "FRA"]
[SourceDate "2005.09.12"]

{Ouverture du pion dame} 1. d4 d6 2. c4 e5 3. dxe5 dxe5 4. Qxd8+ Kxd8 5. Nf3 f6
6. e4 Be6 7. Nc3 c6 8. Be3 Na6 9. a3 Kc7 10. Be2 Ne7 11. b4 Ng6 12. g3 Be7 13.
O-O Nf8 14. Rfd1 g5 15. Rac1 h5 16. Ne1 Ng6 17. Nd5+ 1/2-1/2

[Event "17e open 1hKO"]
[Site "Montigny le Bretonneux"]
[Date "2013.05.20"]
[Round "9.4"]
[White "Ferreira, Carlos"]
[Black "Goulenok, Eric"]
[Result "1/2-1/2"]
[WhiteElo "1813"]
[BlackElo "2187"]
[PlyCount "56"]
[EventDate "2013.04.??"]
[EventType "swiss"]
[EventRounds "7"]
[EventCountry "FRA"]
[SourceDate "2005.09.12"]

1. d4 Nf6 2. Nf3 g6 3. Bg5 Ne4 4. Bf4 Bg7 5. e3 c5 6. c3 Qb6 7. Nbd2 Nxd2 8.
Qxd2 d6 9. Be2 O-O 10. O-O Nd7 11. Bd3 Nf6 12. e4 cxd4 13. cxd4 Bg4 14. Be3
Bxf3 15. gxf3 d5 16. e5 Nh5 17. f4 Qe6 18. Be2 Qf5 19. Rac1 Bh6 20. Bxh5 gxh5
21. f3 h4 22. Kf2 Qh3 23. Ke1 Kh8 24. Rf2 Rg8 25. Rc7 Rg1+ 26. Ke2 Rc8 27. Qc2
Rxc7 28. Qxc7 Qe6 {suite illisible} 1/2-1/2

[Event "17e open 1hKO"]
[Site "Montigny le Bretonneux"]
[Date "2013.05.20"]
[Round "9.5"]
[White "Artieres, Michel"]
[Black "Forissier, Nicolas"]
[Result "0-1"]
[WhiteElo "1700"]
[BlackElo "1966"]
[PlyCount "52"]
[EventDate "2013.04.??"]
[EventType "swiss"]
[EventRounds "7"]
[EventCountry "FRA"]
[SourceDate "2005.09.12"]

1. e4 e5 2. Nf3 Nc6 3. Bc4 Bc5 4. b4 Bxb4 5. c3 Ba5 6. Qb3 Qf6 7. O-O Nge7 8.
d4 d6 9. Bg5 Qg6 10. dxe5 Bb6 11. exd6 cxd6 12. Bxe7 Kxe7 13. Re1 Na5 14. Qb4
Nxc4 15. Qxc4 Be6 16. Qb4 Qg4 17. Nd4 Rac8 18. Nf5+ Kf6 19. Nxd6 Rc7 20. Nd2
Kg6 21. Nf3 Bc5 22. Ne5+ Kh5 23. Qa5 b6 24. Qa4 Qf4 25. Nb5 Bxf2+ 26. Kh1 Qxe5
0-1

[Event "17e open 1hKO"]
[Site "Montigny le Bretonneux"]
[Date "2013.05.20"]
[Round "9.6"]
[White "Francois, Jean"]
[Black "Mongey, Alain"]
[Result "1/2-1/2"]
[WhiteElo "1823"]
[BlackElo "1667"]
[PlyCount "70"]
[EventDate "2013.04.??"]
[EventType "swiss"]
[EventRounds "7"]
[EventCountry "FRA"]
[SourceDate "2005.09.12"]

{Défense sicilienne} 1. e4 c5 2. c4 Nc6 3. Nf3 g6 4. Nc3 Bg7 5. d3 d6 6. Be2
Nf6 7. Bd2 O-O 8. Qc1 b6 9. Bh6 Bg4 10. Bxg7 Kxg7 11. Nd5 Bxf3 12. Bxf3 Nd4 13.
Bd1 e6 14. Nf4 a6 15. Ne2 Nc6 16. O-O b5 17. b3 b4 18. h3 Nd7 19. Qb2+ Qf6 20.
Qxf6+ Nxf6 21. f4 Rad8 22. Bc2 d5 23. cxd5 exd5 24. e5 Ng8 25. Rad1 f6 26.
exf6+ Rxf6 27. Rf3 Re8 28. Rd2 Rxe2 29. Rxe2 Nd4 30. Ref2 Nxf3+ 31. Rxf3 Re6
32. Kf2 Ne7 33. g4 Nc6 34. Bd1 Nd4 35. f5 gxf5 1/2-1/2

[Event "17e open 1hKO"]
[Site "Montigny le Bretonneux"]
[Date "2013.05.20"]
[Round "9.7"]
[White "Mourgues, Joelle"]
[Black "Duval, Dominique"]
[Result "1-0"]
[WhiteElo "1737"]
[BlackElo "1780"]
[PlyCount "77"]
[EventDate "2013.04.??"]
[EventType "swiss"]
[EventRounds "7"]
[EventCountry "FRA"]
[SourceDate "2005.09.12"]

{Début Reti} 1. Nf3 c5 2. g3 Nc6 3. d3 g6 4. Bg2 Bg7 5. c3 d6 6. O-O Nf6 7. e4
Bd7 8. Nbd2 O-O 9. Qc2 Qc7 10. a4 b6 11. Nh4 Rac8 12. f4 e5 13. Nc4 Be6 14. f5
Bxc4 15. dxc4 Na5 16. Qe2 Nb3 17. Ra2 Nxc1 18. Rxc1 Qe7 19. Rd1 Ne8 20. a5 Bf6
21. Bh3 Rd8 22. Ng2 Bg5 23. axb6 axb6 24. Rda1 Nc7 25. Ne3 Bxe3+ 26. Qxe3 Ra8
27. Rxa8 Rxa8 28. Rf1 Ne8 29. Qd2 f6 30. fxg6 Nc7 31. gxh7+ Qxh7 32. Bf5 Qe7
33. Rd1 Rd8 34. Ra1 Kf8 35. Ra7 Ra8 36. Qh6+ Kg8 37. Rb7 Qf7 38. Rxc7 Ra1+ 39.
Kg2 1-0

[Event "17e open 1hKO"]
[Site "Montigny le Bretonneux"]
[Date "2013.05.20"]
[Round "9.8"]
[White "Olichon, Gaetan"]
[Black "Hurlot, Rodolphe"]
[Result "1-0"]
[WhiteElo "1630"]
[BlackElo "1754"]
[PlyCount "77"]
[EventDate "2013.04.??"]
[EventType "swiss"]
[EventRounds "7"]
[EventCountry "FRA"]
[SourceDate "2005.09.12"]

{Défense française, variante d'échange} 1. e4 e6 2. d4 d5 3. exd5 exd5 4. Bd3
c5 5. Qe2+ Be6 6. Nf3 Be7 7. dxc5 Bxc5 8. Bf5 Qb6 9. O-O Ne7 10. Bxe6 Qxe6 11.
Qb5+ Nd7 12. Bf4 O-O 13. Nc3 Qf5 14. Qxb7 Qxf4 15. Qxd7 Rfe8 16. Qa4 d4 17. Ne2
Qd6 18. Rad1 Nf5 19. Qc4 Rac8 20. Qd3 Qf6 21. Nc1 Nh4 22. Nxh4 Qxh4 23. Rfe1
Bd6 24. g3 Qf6 25. Re4 Bc5 26. Nb3 Bb6 27. Rde1 Qc6 28. Re7 Qd6 29. Qf5 Rf8 30.
Rd7 Qb4 31. Ree7 Qc4 32. Nd2 Qxc2 33. Ne4 d3 34. Rxf7 Qc1+ 35. Kg2 Qh6 36. Nd2
Rxf7 37. Rxf7 Qxd2 38. Qe6 Kh8 39. Qxc8+ 1-0

[Event "17e open 1hKO"]
[Site "Montigny le Bretonneux"]
[Date "2013.05.20"]
[Round "9.9"]
[White "Chambourdon, Alain"]
[Black "Branson, James"]
[Result "0-1"]
[WhiteElo "1560"]
[BlackElo "1722"]
[PlyCount "58"]
[EventDate "2013.04.??"]
[EventType "swiss"]
[EventRounds "7"]
[EventCountry "FRA"]
[SourceDate "2005.09.12"]

{Ouverture Bird} 1. f4 d5 2. Nf3 Bg4 3. e3 e5 4. g3 exf4 5. Be2 fxg3 6. hxg3
Bd6 7. Kf2 h5 8. Qg1 Qf6 9. Qg2 Nh6 10. Nc3 c6 11. d3 Nd7 12. Ke1 O-O-O 13. Rf1
Bxf3 14. Bxf3 Qg6 15. Ne2 Ne5 16. Nf4 Nxf3+ 17. Rxf3 Bxf4 18. Rxf4 Nf5 19. Rf3
Kb8 20. Kf2 Nh6 21. Kg1 Nf5 22. Qh3 Nd6 23. Kf2 Qg4 24. Kg2 g5 25. Qxg4 hxg4
26. Rf6 Rh7 27. Bd2 Rdh8 28. Rxd6 Rh2+ 29. Kg1 Rh1+ 0-1

[Event "17e open 1hKO"]
[Site "Montigny le Bretonneux"]
[Date "2013.05.20"]
[Round "9.10"]
[White "Hedjazian, Farhad"]
[Black "Geffrotin, Daniel"]
[Result "1/2-1/2"]
[WhiteElo "1653"]
[BlackElo "1600"]
[PlyCount "95"]
[EventDate "2013.04.??"]
[EventType "swiss"]
[EventRounds "7"]
[EventCountry "FRA"]
[SourceDate "2005.09.12"]

{Défense est-indienne, variante classique} 1. d4 d6 2. Nf3 Nf6 3. c4 g6 4. Nc3
Bg7 5. e4 O-O 6. h3 c6 7. Be2 Na6 8. O-O c5 9. d5 Nc7 10. Bf4 a6 11. Qd2 Re8
12. Bh6 Bh8 13. Bd3 Bd7 14. e5 dxe5 15. Nxe5 Bc8 16. Rae1 e6 17. Bg5 exd5 18.
cxd5 Ncxd5 19. Bc4 Be6 20. Nxd5 Bxd5 21. Bxd5 Qxd5 22. Qf4 Nh5 23. Qf3 Qxf3 24.
Nxf3 Bxb2 25. Rb1 Bh8 26. Rxb7 Rec8 27. Be3 Bf6 28. Rc1 c4 29. Nd2 c3 30. Ne4
Be5 31. Ng5 Bc7 32. Kf1 Nf6 33. Rxc3 Nd5 34. Rd3 Nxe3+ 35. fxe3 Rab8 36. Rxb8
Bxb8 37. Rb3 h6 38. Ne4 Be5 39. Ra3 Rc6 40. Ke2 f5 41. Nf2 Kf7 42. Nd3 Bd6 43.
Ra4 Ke6 44. Kf3 g5 45. g4 fxg4+ 46. hxg4 Kf6 47. Ra5 Kg6 48. Ne5+ 1/2-1/2